Design in structural steel (Record no. 19937)

000 -LEADER
fixed length control field 00636nam a2200217 4500
001 - CONTROL NUMBER
control field 19937
003 - CONTROL NUMBER IDENTIFIER
control field BD-DhUET
008 - FIXED-LENGTH DATA ELEMENTS--GENERAL INFORMATION
fixed length control field 700902s1965 njua b 001 0 eng
040 ## - CATALOGING SOURCE
Original cataloging agency DLC
Transcribing agency DLC
Modifying agency BD-DhUET
082 00 - DEWEY DECIMAL CLASSIFICATION NUMBER
Classification number 624.182
Item number LOT/1965
100 1# - MAIN ENTRY--PERSONAL NAME
Personal name Lothers, John E.
245 10 - TITLE STATEMENT
Title Design in structural steel
250 ## - EDITION STATEMENT
Edition statement 2nd ed.
260 ## - PUBLICATION, DISTRIBUTION, ETC. (IMPRINT)
Place of publication, distribution, etc. New Jersey
Name of publisher, distributor, etc. Prentice-Hall
Date of publication, distribution, etc. 1965
260 ## - PUBLICATION, DISTRIBUTION, ETC. (IMPRINT)
Place of publication, distribution, etc. New Delhi
Name of publisher, distributor, etc. Prentice-Hall of India
Date of publication, distribution, etc. 1965
300 ## - PHYSICAL DESCRIPTION
Extent xiii, 585p.
Other physical details illus.
Dimensions 24 cm.
490 0# - SERIES STATEMENT
Series statement Civil engineering and engineering mechanics series
504 ## - BIBLIOGRAPHY, ETC. NOTE
Bibliography, etc Includes bibliographies
650 #0 - SUBJECT ADDED ENTRY--TOPICAL TERM
Topical term or geographic name as entry element Steel-Structural engineering
942 ## - ADDED ENTRY ELEMENTS (KOHA)
Koha item type General Book
Holdings
Not for loan Price effective from Location (home branch) Sublocation or collection (holding branch) Copy number Source of classification or shelving scheme Withdrawn status Lost status Date acquired Shelving location Damaged status Koha full call number Koha date last seen Koha normalized classification for sorting Piece designation (barcode) Koha item type
 2015-04-08Central Library, BUETCentral Library, BUET1   2015-04-08Circulation section 624.82/LOT/19652015-04-08624_820000000000000_LOT_196522143General Book
 2015-05-09Central Library, BUETCentral Library, BUET2   2015-05-09Circulation section 624.182/LOT/19652015-05-09624_182000000000000_LOT_196520949General Book
 2015-05-09Central Library, BUETCentral Library, BUET3   2015-05-09Circulation section 624.182/LOT/19652015-05-09624_182000000000000_LOT_196541012General Book
 2015-05-09Central Library, BUETCentral Library, BUET4   2015-05-09Circulation section 624.182/LOT/19652015-05-09624_182000000000000_LOT_196522201General Book